Statistiques concernant Tu t'envoles - Peter Pan [Paroles entières]

Cliquez ici pour prendre le quiz!

Statistiques générales

  • Ce quiz a été pris 236 fois
  • Le résultat moyen est 102 sur 130

Statistiques - réponses

XParoles% Correct
tu
99%
| X15 | X3 | X5Tu
99%
t'envoles
98%
la
98%
le
98%
en
96%
du
96%
des
96%
| StropheRêve
94%
à
94%
ciel
94%
C'est
94%
dans
93%
et
93%
vie
93%
Et
93%
que
93%
ta
92%
bonheur
92%
91%
couleur
91%
ou
91%
ailes
91%
secret
90%
tourterelle
90%
as
89%
Hirondelle
88%
là-haut
87%
couleurs
84%
lune
74%
un
66%
décrocher
66%
fortune
66%
rêves
61%
vent
57%
pays
57%
une
57%
tes
56%
Sous
56%
planète
56%
d'argent
54%
sur
54%
imaginaire
53%
bonne
52%
batifole
51%
beau
51%
tourne
51%
Tourne
51%
comme
48%
Décolle
47%
vis
46%
lumière
43%
sans
42%
rossignol
41%
étrange
39%
sol
38%
Brille
35%
Laisse
34%
boussole
34%
l'univers
34%
futur
33%
StropheOh
33%
StropheImaginer
33%
soucis
32%
voyager
31%
Faire
30%
d'aventures
30%
StropheMonte
26%
Seule
22%

Distribution des résultats

Percentile par nombre de réponses

% des personnes avec chaque résultat

Votre développement - résultats

Vous n’avez pas pris ce quiz